世界上最伟大的推销员 (Record no. 48541)
[ view plain ]
| 000 -LEADER | |
|---|---|
| fixed length control field | 00459nam a22001817a 4500 |
| 003 - CONTROL NUMBER IDENTIFIER | |
| control field | MPLRDC |
| 005 - DATE AND TIME OF LATEST TRANSACTION | |
| control field | 20220104144327.0 |
| 008 - FIXED-LENGTH DATA ELEMENTS--GENERAL INFORMATION | |
| fixed length control field | 210129b ||||| |||| 00| 0 eng d |
| 020 ## - INTERNATIONAL STANDARD BOOK NUMBER | |
| International Standard Book Number | 7-80615-368-3 |
| 082 ## - DEWEY DECIMAL CLASSIFICATION NUMBER | |
| Classification number | 498.96 MAN c.2 |
| 100 ## - MAIN ENTRY--PERSONAL NAME | |
| Personal name | OG MANDINO |
| 245 ## - TITLE STATEMENT | |
| Title | 世界上最伟大的推销员 |
| Statement of responsibility, etc. | 安辽 译 |
| 250 ## - EDITION STATEMENT | |
| Edition statement | 初版 |
| 260 ## - PUBLICATION, DISTRIBUTION, ETC. | |
| Place of publication, distribution, etc. | 中国 |
| Name of publisher, distributor, etc. | 海天出版社 |
| Date of publication, distribution, etc. | 1996 |
| 300 ## - PHYSICAL DESCRIPTION | |
| Other physical details | 257 |
| 650 ## - SUBJECT ADDED ENTRY--TOPICAL TERM | |
| Topical term or geographic name entry element | 成功心理学 |
| 942 ## - ADDED ENTRY ELEMENTS (KOHA) | |
| Koha item type | Book |
| -- | 498.96 MAN c.2 |
| Withdrawn status | Lost status | Source of classification or shelving scheme | Damaged status | Not for loan | Collection code | Home library | Current library | Shelving location | Date acquired | Cost, normal purchase price | Total Checkouts | Full call number | Barcode | Date last seen | Date last checked out | Price effective from | Koha item type | Public note |
|---|---|---|---|---|---|---|---|---|---|---|---|---|---|---|---|---|---|---|
| Malaysian Public Library, Research and Development Centre | Malaysian Public Library, Research and Development Centre | 10/12/2007 | 13.80 | 498.96 MAN c.2 | 00048707 | 18/03/2021 | 22/11/2018 | 18/03/2021 | Book | mplrdc |
